000 00448nam a22001817a 4500
005 20260602124847.0
008 260602b |||||||| |||| 00| 0 eng d
020 _a9789391096540
_c2495.00
040 _aMAIN
041 _aEnglish
082 _a530.12
_bDAS
100 _aDas, V.K.
_926986
245 _aAdvances in Quantum Mechanic
260 _aJaipur
_bOxford
_c2024
300 _a288
650 _aPhysics (PM USHA)
_926699
942 _cBK
999 _c60952
_d60952